Times por Escudo - LigaPro 2024 (Equador) - Statistics

Estatísticas Gerais
  • Esse quiz foi jogado 52 vezes
  • A pontuação média é 9 de 16
Estatísticas das Respostas
Imagem Resposta % Correto
Emelec
96%
Barcelona SC
94%
Delfin
94%
LDU Quito
94%
Independiente Del Valle
92%
Aucas
90%
Universidad Católica
72%
El Nacional
64%
Deportivo Cuenca
44%
Macará
40%
Mushuc Runa
40%
Orense
20%
Imbabura
18%
Técnico Universitário
18%
Libertad
14%
Cumbayá
10%
Nenhum quiz correspondente encontrado
Distribuição das Pontuações
Porcentagem de Pessoas com Cada Pontuação
Percentil de Números Respondidos
Sua Pontuação Histórica
Você não jogou esse quiz